000 00537nam a2200229Ia 4500
003 OSt
005 20240122123725.0
008 210210b2015 xxu||||| |||| 00| 0 eng d
020 _a9789327248265
040 _cAL
041 _aeng
082 _a336 LEKP
100 _aLEKHI (R K)
_9148678
245 _aPublic finance
250 _a10
260 _aLudhiana
_bKalyani Publishers
_c2015
300 _axiv,818
690 _aPublic Finance
_9148679
700 _aSINGH (Joginder)
_9148680
906 _a070843
942 _2ddc
_cBK
999 _c120226
_d120226